000 00736nam a2200253Ia 4500
003 OSt
005 20221005083224.0
006 a|||||r|||| 00| 0
007 ta
008 221004b |||||||| |||| 00| 0 eng d
024 _a50859
037 _cTextual
040 _aCRL
_cCRL
_beng
041 _2eng
_aeng
082 _aT4:8.2, L1
110 _aUnivesity Grants Commission
_9612444
245 0 _aCommittee on Governance of Universities and Colleges
_b Governance of Universites
260 _aNew Delhi
_bUniversity Grants Commission India
_c1971
300 _a96p.
_ccm.
650 _aEDUCATION
700 _aUnivesity Grants Commission
_9612445
942 _hT4:8.2, L1
_cTEXL
_2cc
999 _c990506
_d990506